000 00364nam a2200133Ia 4500
008 231129s9999||||xx |||||||||||||| ||spa||
020 _a(1)84-7634-464-3; (2
040 _bspa
082 _a808.3876 A832L
100 _aAsimov Isaac
245 0 _aLo mejor de la ciencia ficcion del siglo XIX
264 _aOrbis
942 _2ddc
_cBKS
999 _c19380
_d19380